LEADER 01476nam 2200445 450 001 996464543703316 005 20221001124513.0 010 $a3-030-91218-3 035 $a(MiAaPQ)EBC6891266 035 $a(Au-PeEL)EBL6891266 035 $a(CKB)21250897700041 035 $a(PPN)260831816 035 $a(EXLCZ)9921250897700041 100 $a20221001d2022 uy 0 101 0 $aeng 135 $aurcnu|||||||| 181 $ctxt$2rdacontent 182 $cc$2rdamedia 183 $acr$2rdacarrier 200 00$aPrivacy, security and forensics in the Internet of Things (IoT) /$fedited by Reza Montasari [and four others] 210 1$aCham, Switzerland :$cSpringer,$d[2022] 210 4$dİ2022 215 $a1 online resource (219 pages) 311 08$aPrint version: Montasari, Reza Privacy, Security and Forensics in the Internet of Things (IoT) Cham : Springer International Publishing AG,c2022 9783030912178 320 $aIncludes bibliographical references and index. 606 $aDigital forensic science 606 $aInternet of things 606 $aData privacy 615 0$aDigital forensic science. 615 0$aInternet of things. 615 0$aData privacy. 676 $a004.678 702 $aMontasari$b Reza 801 0$bMiAaPQ 801 1$bMiAaPQ 801 2$bMiAaPQ 906 $aBOOK 912 $a996464543703316 996 $aPrivacy, security and forensics in the Internet of Things (IoT)$92920275 997 $aUNISA